UM Logo

Balancing supercapacitor voltages in modular bidirectional DC—DC converter circuits / (Record no. 18815)

MARC details
000 -LEADER
fixed length control field 01081nam a22002537a 4500
003 - CONTROL NUMBER IDENTIFIER
control field OSt
005 - DATE AND TIME OF LATEST TRANSACTION
control field 20251014160209.0
008 - FIXED-LENGTH DATA ELEMENTS--GENERAL INFORMATION
fixed length control field 240130b ||||| |||| 00| 0 eng d
040 ## - CATALOGING SOURCE
Transcribing agency 0
082 ## - DEWEY DECIMAL CLASSIFICATION NUMBER
Classification number DPer 621.317 Ie21 January 2022 v. 37 n. 1
100 ## - MAIN ENTRY--PERSONAL NAME
Personal name Peña, Robert Alfie S.
Relator term author.
9 (RLIN) 50962
245 ## - TITLE STATEMENT
Title Balancing supercapacitor voltages in modular bidirectional DC—DC converter circuits /
Statement of responsibility, etc. Robert Alfie S. Peña, Alaa Hijazi, Pascal Venet, and Florian Errigo.
260 ## - PUBLICATION, DISTRIBUTION, ETC. (IMPRINT)
Place of publication, distribution, etc. New York ;
Name of publisher, distributor, etc. The Institute of Electrical and Electronics Engineers, Inc. ,
Date of publication, distribution, etc. January 2022.
300 ## - PHYSICAL DESCRIPTION
Extent Volume 37, pages 137-149 :
Other physical details illustration ;
Dimensions 28 cm.
500 ## - GENERAL NOTE
General note IEEE Transactions on Power Electronic, v. 37 n. 1, pages 137-149, January 2022.
650 #0 - SUBJECT ADDED ENTRY--TOPICAL TERM
Topical term or geographic name as entry element Balancing circuit.
9 (RLIN) 65729
650 #0 - SUBJECT ADDED ENTRY--TOPICAL TERM
Topical term or geographic name as entry element Capacitors.
9 (RLIN) 65717
650 #0 - SUBJECT ADDED ENTRY--TOPICAL TERM
Topical term or geographic name as entry element DC–DC power converter.
9 (RLIN) 65730
700 ## - ADDED ENTRY--PERSONAL NAME
Personal name Peña, Robert Alfie S.
Relator term author.
9 (RLIN) 50962
700 ## - ADDED ENTRY--PERSONAL NAME
Personal name Hijazi, Alaa.
Relator term author.
9 (RLIN) 50963
700 ## - ADDED ENTRY--PERSONAL NAME
Personal name Venet, Pascal.
Relator term author.
9 (RLIN) 50964
700 ## - ADDED ENTRY--PERSONAL NAME
Personal name Errigo, Florian.
Relator term author.
9 (RLIN) 50965
942 ## - ADDED ENTRY ELEMENTS (KOHA)
Source of classification or shelving scheme Dewey Decimal Classification
Koha item type Periodicals
Holdings
Withdrawn status Lost status Source of classification or shelving scheme Damaged status Not for loan Collection code Home library Current library Date acquired Total Checkouts Full call number Date last seen Price effective from Koha item type Public note
    Dewey Decimal Classification     Periodicals UM Digos College - LIC UM Digos College - LIC 01/30/2024   DPer 621.317 Ie21 January 2022 v. 37 n. 1 01/30/2024 01/30/2024 Periodicals Periodical Article